000
00222nam a22001097a 4500
082
_a
001
_b
FOU/P
245
_a
ALL IN ONE
260
_a
DELHI
_b
FOUNDATION STONE PUBLISHERS
300
_a
48
650
_a
48
_z
INDIA
942
_c
BK
999
_c
2684
_d
2684